000 00737nam a22002777a 4500
003 OSt
005 20140310181909.0
008 130319t xxu||||| |||| 00| 0 eng d
020 _a9780435966904
050 _aQC 32
_b.Ar752 2009
082 _aQC 32
_bA76 2009
100 _aArnold, Brian
_91523
245 _aEdexcel igcse physics /
_cBrian Arnold , Steve Woolley and Penny Johnson
260 _aEdinburgh :
_bPearson Education Ltd.,
_cc2009.
300 _a253p. :
_bcol. ill. ;
_c27 cm.
521 _aFaculty
541 _j1
541 _j2
541 _j3
541 _j4
541 _j5
541 _j6
562 _e6
650 _aPhysics
_9126
942 _2lcc
_cBK-TR
_kTR
999 _c6442
_d6442